000 00686cam a2200193 a 4500
001 000006186
005 20200929151950.0
008 770422s1969 pr 001 0 spa
040 _aDO-SdBNP
_bspa
_dBNPHU
082 _aPR861.5
_bP123e
100 1 _aPadilla, José Gualberto,
_d1829-1896.
_917337
245 1 0 _aEn el combate :
_bpoesías completas /
_cJosé Gualberto Padilla.
260 _aSan Juan, Puerto Rico :
_bInstituto de Cultura Puertorriqueña,
_c1969.
_eBarcelona :
_fArtes Gráficas,
300 _a273 p. ;
_c19 cm.
490 1 _aBiblioteca Popular
650 4 _aPoesía puertorriqueña
_91015
650 4 _aLiteratura puertorriqueña
_9250
830 0 _aBiblioteca Popular
_95517
999 _c5981
_d5981